[Event "FIDE Online Nations Cup - India-Stati Uniti"]
[Site "Internet"]
[Date "05.05.2020"]
[Round "1"]
[Board "1"]
[White "Anand, Viswanathan"]
[Black "Nakamura, Hikaru"]
[Result "1/2-1/2"]
[WhiteTitle "GM"]
[BlackTitle "GM"]
[WhiteElo "2753"]
[BlackElo "2736"]
[WhiteTeam "India"]
[BlackTeam "USA"]
[WhiteFideId "5000017"]
[BlackFideId "2016192"]
[EventDate "2020.05.05"]

1. d4 Nf6 2. c4 e6 3. Nf3 d5 4. Nc3 Be7 5. Bf4 O-O 6. e3 Nbd7 7. a3 c5 8. cxd5
Nxd5 9. Nxd5 exd5 10. dxc5 Nxc5 11. Be5 Bf5 12. Rc1 Ne6 13. Bd3 Bxd3 14. Qxd3
Bf6 15. O-O Bxe5 16. Nxe5 d4 17. Rfd1 Re8 18. exd4 Qxd4 19. Qxd4 Nxd4 20. Rxd4
Rxe5 21. Rd7 Rb5 22. Rc2 a5 23. g3 g6 24. Rcc7 Rf5 25. Rxb7 h5 26. h4 Rc8 27.
Rd2 Kg7 28. Kg2 Rc1 29. a4 Rc4 30. b3 Rc3 31. Re2 Rcf3 32. Ra2 Rc3 33. b4 axb4
34. Rxb4 Ra5 35. Rd2 Ra3 36. Rdd4 Ra7 37. Rf4 Kg8 38. Kf1 Ra2 39. Kg2 Ra3 40.
Kf1 Ra2 41. Kg2 Ra3 1/2-1/2

[Event "FIDE Online Nations Cup - India-Stati Uniti"]
[Site "Internet"]
[Date "05.05.2020"]
[Round "1"]
[Board "2"]
[White "Caruana, Fabiano"]
[Black "Vidit, Santosh Gujrathi"]
[Result "1-0"]
[WhiteTitle "GM"]
[BlackTitle "GM"]
[WhiteElo "2835"]
[BlackElo "2726"]
[WhiteTeam "USA"]
[BlackTeam "India"]
[WhiteFideId "2020009"]
[BlackFideId "5029465"]
[EventDate "2020.05.05"]

1. e4 e5 2. Nf3 Nc6 3. Bb5 Nf6 4. d3 Bc5 5. Ba4 O-O 6. O-O d6 7. c3 Ne7 8. Re1
Ng6 9. Nbd2 c6 10. Nf1 d5 11. exd5 Nxd5 12. Ng3 Re8 13. h3 Bb6 14. Bc2 h6 15.
Bd2 Bc7 16. d4 exd4 17. Rxe8+ Qxe8 18. Nxd4 Bd7 19. Qf3 Qe5 20. Re1 Qd6 21. Kf1
Ne5 22. Qe2 Re8 23. Ndf5 Qf8 24. Qh5 Bxf5 25. Nxf5 Ng6 26. Rxe8 Qxe8 27. g3 Nf6
28. Qf3 Qd8 29. Bc1 Qd5 30. Qxd5 Nxd5 31. Ke2 Kf8 32. h4 Ne5 33. Bb3 Ne7 34.
Nxe7 Kxe7 35. h5 Nd7 36. Bd1 Nf6 37. Kd3 Bb6 38. f4 g6 39. hxg6 fxg6 40. Ke2 Nd5
41. Kf3 h5 42. Bd2 Kf6 43. c4 Ne7 44. Bc3+ Ke6 45. b4 Nf5 46. c5 Bc7 47. Bb3+
Ke7 48. Bc4 b6 49. a4 bxc5 50. bxc5 Ke8 51. a5 Bd8 52. Bd3 Be7 53. Bb4 Bf6 54.
a6 Be7 55. g4 hxg4+ 56. Kxg4 Ne3+ 57. Kf3 Nd5 58. Bxg6+ Kf8 59. Ba3 Nc7 60. Bd3
Ne6 61. Bc4 Nxc5 62. Bc1 Nd7 63. Ke4 Bc5 64. Kf5 Ke7 65. Bb2 Be3 66. Be2 Nb6 67.
Bf3 c5 68. Bf6+ Kf7 69. Bh5+ Kf8 70. Be5 c4 71. Ke4 Bc5 72. f5 Nd7 73. Bc3 Be7
74. Be2 Nc5+ 75. Ke5 Nxa6 76. Bxc4 Nc5 77. Bd2 Nd7+ 78. Ke6 Nc5+ 79. Kd5 Kg7 80.
Be2 Kf6 81. Bg4 Nd7 82. Bc3+ Kg5 83. Bh3 Bf6 84. Bd2+ Kh4 85. Bf1 Bg5 86. Bb4
Nf6+ 87. Ke6 Ne4 88. Bd3 Ng3 89. f6 Bxf6 90. Kxf6 Kg4 91. Ke5 Kf3 92. Ba6 Ne2
93. Bd2 Ng3 94. Bg5 Ne4 95. Bb7 Kg4 96. Be3 Ng3 97. Bf2 a5 98. Bc6 a4 99. Bxa4
Kf3 100. Bd4 Kg4 101. Bd1+ Kg5 102. Be3+ Kg6 103. Bc2+ Kf7 104. Bd1 Kg6 105. Ke6
Nh5 106. Bc2+ Kg7 107. Ke7 Ng3 108. Bd3 Nh5 109. Bg5 Ng3 110. Ke6 Nh5 111. Kf5
Kf7 112. Bc4+ Kg7 113. Bh4 Kh6 114. Bf7 Ng7+ 115. Kg4 Kh7 116. Kg5 Kh8 117. Kg6
Ne6 118. Bf6+ Ng7 119. Bxg7# 1-0

[Event "FIDE Online Nations Cup - India-Stati Uniti"]
[Site "Internet"]
[Date "05.05.2020"]
[Round "1"]
[Board "3"]
[White "Harikrishna, Pentala"]
[Black "Dominguez Perez, Leinier"]
[Result "1/2-1/2"]
[WhiteTitle "GM"]
[BlackTitle "GM"]
[WhiteElo "2719"]
[BlackElo "2758"]
[WhiteTeam "India"]
[BlackTeam "USA"]
[WhiteFideId "5007003"]
[BlackFideId "3503240"]
[EventDate "2020.05.05"]

1. e4 e5 2. Nf3 Nc6 3. Bb5 Nf6 4. O-O Nxe4 5. Re1 Nd6 6. Nxe5 Be7 7. Bf1 Nxe5 8.
Rxe5 O-O 9. d4 Bf6 10. Re1 Re8 11. Bf4 Rxe1 12. Qxe1 Ne8 13. Nc3 Bxd4 14. Nd5 d6
15. Bg5 f6 16. Be3 Be5 17. Bc4 Kh8 18. f4 Bxb2 19. Rb1 c6 20. Rxb2 cxd5 21. Bxd5
Nc7 22. Bxb7 Rb8 23. Qb1 Nd5 24. Bxa7 Nc3 25. Qe1 Rxb7 26. Rxb7 Bxb7 27. Qxc3
Qa8 28. Bd4 Qxa2 29. Qb3 Qxb3 30. cxb3 Kg8 31. Kf2 Kf7 32. f5 1/2-1/2

[Event "FIDE Online Nations Cup - Russia-Stati Uniti"]
[Site "Internet"]
[Date "05.05.2020"]
[Round "2"]
[Board "1"]
[White "Nepomniachtchi, Ian"]
[Black "Nakamura, Hikaru"]
[Result "0-1"]
[WhiteTitle "GM"]
[BlackTitle "GM"]
[WhiteElo "2784"]
[BlackElo "2736"]
[WhiteTeam "Russia"]
[BlackTeam "USA"]
[WhiteFideId "4168119"]
[BlackFideId "2016192"]
[EventDate "2020.05.05"]

1. d4 Nf6 2. c4 e6 3. Nf3 d5 4. Nc3 Be7 5. Bf4 O-O 6. e3 Nbd7 7. c5 c6 8. h3 b6
9. b4 a5 10. a3 h6 11. Qc1 Bb7 12. Bd3 Qc8 13. O-O Ba6 14. Bxa6 Rxa6 15. Qb2 Qb7
16. Rfb1 axb4 17. axb4 Rxa1 18. Qxa1 Ra8 19. Qb2 Nh5 20. Bh2 Bd8 21. Ra1 Nhf6
22. g4 Ne8 23. Rxa8 Qxa8 24. Qa2 Qb7 25. Qa4 b5 26. Qa1 Bc7 27. Bxc7 Nxc7 28.
Qa5 f6 29. Ne2 Kf7 30. Nc1 g5 31. Nd3 Ke7 32. Nd2 Kd8 33. Nb3 Qa6 34. f4 Qxa5
35. Nxa5 Nb8 36. Kf2 Ne8 37. Kg3 Kc7 38. h4 Nd7 39. Nb3 gxh4+ 40. Kxh4 Ng7 41.
Nd2 Nf8 42. Nf3 Ng6+ 43. Kg3 Kd8 44. Nh4 Ne7 45. Kf3 Ke8 46. Nc1 Kf7 47. Nb3 h5
48. Na5 hxg4+ 49. Kxg4 Ne8 50. f5 Nc7 51. fxe6+ Kxe6 52. Ng2 Ne8 53. Nf4+ Kd7
54. Nh5 Kc7 55. Nb3 Kd7 56. Nc1 Ke6 57. Nf4+ Kf7 58. Nb3 Ng7 59. Na5 Ngf5 60.
Kf3 Nh4+ 61. Kg3 Nhf5+ 62. Kf2 Ng7 63. Nb7 Ke8 64. Kf3 Kd7 65. Na5 Nef5 66. Kf2
Ne7 67. Kf3 Nef5 68. Nb3 Nh4+ 69. Kf2 Nhf5 70. Nd2 Ke7 71. Nf3 Kf7 72. Nh2 Ke7
73. Ng4 Kf7 74. Kf3 Nh4+ 75. Ke2 Nhf5 76. Nf2 Ng3+ 77. Kf3 N3f5 78. Nd1 Nh4+ 79.
Kf2 Nhf5 80. Nc3 Ne8 81. Kf3 Nc7 82. Nce2 Na6 83. Nd3 Nc7 84. Nec1 Ne6 85. Nb3
Ke8 86. Nf2 Kf7 87. Na5 Nd8 88. Ng4 Kg6 89. Nf2 Kf7 90. Nd3 Kg6 91. Nf4+ Kf7 92.
Ng2 Kg6 93. Kf4 Ne6+ 94. Kg4 Nh6+ 95. Kf3 Nd8 96. Nf4+ Kf5 97. Nh5 Kg6 98. Ng3
Nhf7 99. e4 Ng5+ 100. Ke3 dxe4 101. Nxe4 Nge6 102. Nc3 Nc7 103. Kf4 Na6 104. Na2
Nc7 105. Ke4 f5+ 106. Ke5 Nf7+ 107. Kf4 Nd5+ 108. Kf3 Nd8 109. Kg3 Kh5 110. Kf3
Kg5 111. Kg3 f4+ 112. Kf3 Kf5 113. Nc1 Nxb4 114. Ne2 Nd5 115. Nc1 Nc7 116. Nd3
Nce6 117. Nb3 Ng5+ 118. Kf2 Ke4 119. Nb4 Nge6 120. d5 cxd5 121. c6 Ke5 122. Na5
Nc7 123. Kf3 Nde6 124. Nd3+ Kd4 125. Nxf4 Nxf4 126. Kxf4 Kc3 127. Nb7 b4 128.
Nc5 Kc4 129. Na4 Kb5 130. Nb2 Kxc6 131. Ke5 Kc5 132. Na4+ Kc4 133. Kd6 d4 134.
Kxc7 d3 135. Kb6 d2 136. Nb2+ Kb3 137. Nd1 Kc2 138. Ne3+ Kc1 0-1

[Event "FIDE Online Nations Cup - Russia-Stati Uniti"]
[Site "Internet"]
[Date "05.05.2020"]
[Round "2"]
[Board "2"]
[White "Caruana, Fabiano"]
[Black "Artemiev, Vladislav"]
[Result "1-0"]
[WhiteTitle "GM"]
[BlackTitle "GM"]
[WhiteElo "2835"]
[BlackElo "2716"]
[WhiteTeam "USA"]
[BlackTeam "Russia"]
[WhiteFideId "2020009"]
[BlackFideId "24101605"]
[EventDate "2020.05.05"]

1. c4 e5 2. g3 Nc6 3. Bg2 g6 4. Nc3 Bg7 5. Nf3 Nf6 6. d4 exd4 7. Nxd4 O-O 8. O-O
Re8 9. Nc2 d6 10. Qd2 a5 11. b3 Bf5 12. Ne3 Be4 13. Bb2 Bxg2 14. Nxg2 Nd7 15.
Nd5 Bxb2 16. Qxb2 Nb4 17. Ngf4 Nxd5 18. cxd5 Qf6 19. Qd2 Nc5 20. f3 Qe5 21. e4
b5 22. Rac1 f5 23. exf5 Qxf5 24. Rfe1 b4 25. Qd4 Qf7 26. Ne6 Nxe6 27. dxe6 Rxe6
28. Rxe6 Qxe6 29. Rxc7 Qe5 30. Qxe5 dxe5 31. Rc5 a4 32. Rxe5 axb3 33. axb3 Ra1+
34. Kg2 Rb1 35. Re3 Rb2+ 36. Kh3 h5 37. g4 hxg4+ 38. fxg4 g5 39. Kg3 Rb1 40. h3
Kf7 41. Kf3 Rf1+ 42. Ke4 Ke6 43. Kd4+ Kd6 44. Kc4 Rf4+ 45. Kb5 Rd4 46. Re8 Rf4
47. Rg8 Rf3 48. Kxb4 Rxh3 49. Rxg5 Rh1 50. Kb5 Rg1 51. b4 Rb1 52. Rg8 Rb2 53. g5
Ke6 54. g6 Kf6 55. Kc5 Rc2+ 56. Kb6 1-0

[Event "FIDE Online Nations Cup - Russia-Stati Uniti"]
[Site "Internet"]
[Date "05.05.2020"]
[Round "2"]
[Board "3"]
[White "Andreikin, Dmitry"]
[Black "So, Wesley"]
[Result "1/2-1/2"]
[WhiteTitle "GM"]
[BlackTitle "GM"]
[WhiteElo "2726"]
[BlackElo "2770"]
[WhiteTeam "Russia"]
[BlackTeam "USA"]
[WhiteFideId "4158814"]
[BlackFideId "5202213"]
[EventDate "2020.05.05"]

1. d4 Nf6 2. c4 g6 3. Nc3 d5 4. cxd5 Nxd5 5. e4 Nxc3 6. bxc3 Bg7 7. Nf3 c5 8.
Be2 Nc6 9. d5 Bxc3+ 10. Bd2 Bxa1 11. Qxa1 Nd4 12. Nxd4 cxd4 13. Qxd4 O-O 14. O-O
Qb6 15. Qa1 Bd7 16. Rb1 Qc7 17. Bh6 f6 18. Bxf8 Kxf8 19. Qb2 b6 20. Rc1 Qf4 21.
Qa3 Qxe4 22. Bf3 Qe5 23. Qa6 Qf4 24. Rc4 Qf5 25. h3 Qb1+ 26. Kh2 Bb5 27. Qb7
Bxc4 28. Qxa8+ Kf7 29. Qh8 Qf5 30. Qxh7+ Kf8 31. Qh8+ Kf7 32. Qh7+ Kf8 33. Qh8+
Kf7 34. Qh7+ 1/2-1/2

[Event "FIDE Online Nations Cup - Russia-Stati Uniti"]
[Site "Internet"]
[Date "05.05.2020"]
[Round "2"]
[Board "4"]
[White "Krush, Irina"]
[Black "Goryachkina, Aleksandra"]
[Result "1/2-1/2"]
[WhiteTitle "GM"]
[BlackTitle "GM"]
[WhiteElo "2429"]
[BlackElo "2582"]
[WhiteTeam "USA"]
[BlackTeam "Russia"]
[WhiteFideId "2012782"]
[BlackFideId "4147103"]
[EventDate "2020.05.05"]

1. d4 d5 2. c4 e6 3. Nc3 Nf6 4. cxd5 exd5 5. Bg5 c6 6. e3 h6 7. Bf4 Bf5 8. h3
Bd6 9. Nge2 O-O 10. Bxd6 Qxd6 11. Nf4 Re8 12. Be2 Nbd7 13. O-O Ne4 14. Nxe4 Bxe4
15. Qd2 a5 16. Rac1 Qb4 17. Rc3 a4 18. a3 Qb6 19. Rfc1 Nf6 20. Nd3 Bxd3 21. Bxd3
Ne4 22. Bxe4 Rxe4 23. b4 axb3 24. Qb2 Ra7 25. Rxb3 Qc7 26. a4 Re7 27. Rb4 h5 28.
Rb1 g6 29. h4 Rd7 30. g3 Qd8 31. Qe2 Qe7 32. Qf3 Qd6 33. Kg2 Kg7 34. Qe2 Qe6 35.
Qc2 Qe7 36. Qe2 Qe4+ 37. Qf3 Qxf3+ 38. Kxf3 Re7 39. Rb6 Kf6 40. a5 Rxa5 41. Rxb7
Rxb7 42. Rxb7 Ra2 43. Rc7 Rc2 44. Rb7 1/2-1/2

[Event "FIDE Online Nations Cup - Stati Uniti-Resto del Mondo"]
[Site "Internet"]
[Date "06.05.2020"]
[Round "3"]
[Board "1"]
[White "Nakamura, Hikaru"]
[Black "Radjabov, Teimour"]
[Result "1/2-1/2"]
[WhiteTitle "GM"]
[BlackTitle "GM"]
[WhiteElo "2736"]
[BlackElo "2765"]
[WhiteTeam "USA"]
[BlackTeam "Rest of the World"]
[WhiteFideId "2016192"]
[BlackFideId "13400924"]
[EventDate "2020.05.05"]

1. d4 Nf6 2. c4 e6 3. Nf3 d5 4. Nc3 Be7 5. Bf4 O-O 6. e3 Nbd7 7. c5 Nh5 8. Be2
Nxf4 9. exf4 b6 10. b4 a5 11. a3 c6 12. O-O Ba6 13. Qc2 Bxe2 14. Nxe2 Ra7 15.
Rab1 axb4 16. axb4 Qa8 17. Nc1 Rb8 18. Nd3 Ra2 19. Qd1 bxc5 20. bxc5 Rxb1 21.
Qxb1 Bf6 22. h4 h6 23. h5 Ra4 24. Qb2 Ra2 25. Qb1 Ra4 26. Nde5 Nxe5 27. fxe5 Bd8
28. g3 Ra3 29. Kg2 Bc7 30. Rc1 Qa6 31. Qc2 Ra2 32. Qd1 Qa3 33. Rb1 Qe3 34. Qf1
Qc3 35. Rb7 Ra1 36. Qe2 Qc4 37. Rb2 Ba5 38. g4 Qxe2 39. Rxe2 Bc3 40. Re3 Rc1 41.
Rd3 f6 42. Kg3 Rc2 43. Rd1 Kf7 44. Rb1 Bb2 45. Rd1 Bc3 46. Rb1 Bb2 47. Rd1 Bc3 1/2-1/2

[Event "FIDE Online Nations Cup - Stati Uniti-Resto del Mondo"]
[Site "Internet"]
[Date "06.05.2020"]
[Round "3"]
[Board "2"]
[White "Firouzja, Alireza"]
[Black "Dominguez Perez, Leinier"]
[Result "1/2-1/2"]
[WhiteTitle "GM"]
[BlackTitle "GM"]
[WhiteElo "2728"]
[BlackElo "2758"]
[WhiteTeam "Rest of the World"]
[BlackTeam "USA"]
[WhiteFideId "12573981"]
[BlackFideId "3503240"]
[EventDate "2020.05.05"]

1. c4 Nf6 2. Nc3 e5 3. Nf3 Nc6 4. e3 Bb4 5. Qc2 Bxc3 6. bxc3 e4 7. Ng5 Qe7 8. f3
exf3 9. Nxf3 O-O 10. Be2 b6 11. O-O Bb7 12. d3 Ng4 13. e4 f5 14. Bg5 Qe8 15.
exf5 h6 16. Bf4 Ne3 17. Bxe3 Qxe3+ 18. Kh1 Rxf5 19. d4 Raf8 20. Rae1 Qf4 21. Bd3
R5f6 22. Re4 Qd6 23. c5 Qd5 24. Qe2 Na5 25. c4 Qh5 26. d5 c6 27. Re5 Qg4 28. h3
Qg3 29. d6 Ba6 30. Qe4 g6 31. Re7 Nb7 32. Qe3 Qf4 33. Qxf4 Rxf4 34. Bxg6 Nxc5
35. Rfe1 Bxc4 36. Ne5 Kh8 37. Rh7+ Kg8 38. Ng4 Rxg4 39. hxg4 Be6 40. g5 hxg5 41.
Re5 Rf6 42. Bc2 g4 43. Reh5 Bd5 44. Rg5+ Kf8 45. Rxg4 Rxd6 46. Rf4+ Ke8 47. a4
Re6 48. Kg1 Re1+ 49. Kf2 Ra1 50. Bg6+ Kd8 51. g4 Ra3 52. g5 Ne6 53. Rg4 Rf3+ 54.
Kg1 Nf4 55. Bh5 Ne2+ 56. Kh2 Rf1 57. Rg2 Bxg2 58. Kxg2 Rf5 59. Bxe2 Rxg5+ 60.
Kf2 Rd5 61. Ke3 Kc7 62. Bd3 1/2-1/2

[Event "FIDE Online Nations Cup - Stati Uniti-Resto del Mondo"]
[Site "Internet"]
[Date "06.05.2020"]
[Round "3"]
[Board "3"]
[White "So, Wesley"]
[Black "Amin, Bassem"]
[Result "1/2-1/2"]
[WhiteTitle "GM"]
[BlackTitle "GM"]
[WhiteElo "2770"]
[BlackElo "2686"]
[WhiteTeam "USA"]
[BlackTeam "Rest of the World"]
[WhiteFideId "5202213"]
[BlackFideId "10601457"]
[EventDate "2020.05.05"]

1. e4 e5 2. Nf3 Nc6 3. Bb5 a6 4. Ba4 Nf6 5. O-O Be7 6. Re1 b5 7. Bb3 d6 8. c3
O-O 9. h3 Nb8 10. d4 Nbd7 11. Nbd2 Bb7 12. Bc2 Re8 13. Nf1 Bf8 14. Ng3 g6 15. a4
Bg7 16. Bd3 exd4 17. cxd4 c5 18. axb5 axb5 19. Rxa8 Bxa8 20. dxc5 Nxc5 21. Bxb5
Rf8 22. e5 dxe5 23. Qxd8 Rxd8 24. Nxe5 Nd5 25. Bc4 Re8 26. Nd3 Rxe1+ 27. Nxe1
Nb6 28. Ba2 Bd5 29. Bxd5 Nxd5 30. Ne2 f5 31. g4 Kf7 32. gxf5 gxf5 33. Kg2 Ke6
34. Kf3 Be5 35. h4 Bf6 36. h5 Be5 37. Kg2 Bf6 38. Kf3 Be5 39. Kg2 Bf6 40. Kg3
Be5+ 41. Kf3 Bg7 42. Kg3 Be5+ 43. f4 Bg7 44. Nf3 Nb3 45. Ng5+ Ke7 46. Nxh7 Nxc1
47. Nxc1 Bxb2 48. Nd3 Bg7 49. Ng5 Nf6 50. Kh4 Nd5 51. Nf3 Bh6 52. Nfe5 Kf6 53.
Ng6 Kf7 54. Kg3 Nf6 55. Nde5+ Ke6 56. Kh4 Nd5 57. Nd3 Kf7 58. Nge5+ Kf6 59. Nd7+
Ke7 60. N7e5 Kf6 1/2-1/2

[Event "FIDE Online Nations Cup - Stati Uniti-Resto del Mondo"]
[Site "Internet"]
[Date "06.05.2020"]
[Round "3"]
[Board "4"]
[White "Saduakassova, Dinara"]
[Black "Krush, Irina"]
[Result "0-1"]
[WhiteTitle "IM"]
[BlackTitle "GM"]
[WhiteElo "2500"]
[BlackElo "2429"]
[WhiteTeam "Rest of the World"]
[BlackTeam "USA"]
[WhiteFideId "13700090"]
[BlackFideId "2012782"]
[EventDate "2020.05.05"]

1. e4 c5 2. Nf3 d6 3. d4 cxd4 4. Nxd4 Nf6 5. Nc3 Bd7 6. Bg5 e6 7. Qd2 a6 8.
O-O-O h6 9. Bxf6 Qxf6 10. f4 Nc6 11. Nb3 Qd8 12. Kb1 Be7 13. g4 g5 14. e5 dxe5
15. fxe5 Nxe5 16. Qd4 Qc7 17. Bg2 O-O-O 18. Qa7 Bc6 19. Bxc6 Nxc6 20. Qf2 Bd6
21. Rdf1 Rd7 22. Ne4 Bf4 23. Nf6 Re7 24. Nh5 Be5 25. Nf6 Rd8 26. Qe3 Kb8 27. a3
Bf4 28. Qh3 Ne5 29. Nh5 Nc4 30. Nxf4 gxf4 31. Qxh6 e5 32. Rd1 Red7 33. Rxd7 Rxd7
34. Qf8+ Rd8 35. Qb4 Rc8 36. Rc1 f3 37. Nd2 Nxd2+ 38. Qxd2 e4 39. Re1 Re8 40.
Qf2 Qf4 41. Qd4 Qxg4 42. Qf2 Qg2 43. Qb6 f2 44. Qd6+ Ka8 0-1

[Event "FIDE Online Nations Cup - Europa-Stati Uniti"]
[Site "Internet"]
[Date "06.05.2020"]
[Round "4"]
[Board "1"]
[White "Vachier-Lagrave, Maxime"]
[Black "Nakamura, Hikaru"]
[Result "1/2-1/2"]
[WhiteTitle "GM"]
[BlackTitle "GM"]
[WhiteElo "2778"]
[BlackElo "2736"]
[WhiteTeam "Europe"]
[BlackTeam "USA"]
[WhiteFideId "623539"]
[BlackFideId "2016192"]
[EventDate "2020.05.05"]

1. d4 Nf6 2. c4 e6 3. Nf3 d5 4. Nc3 Be7 5. Bf4 O-O 6. e3 Nbd7 7. Be2 dxc4 8. O-O
c5 9. dxc5 Bxc5 10. Bxc4 a6 11. Ng5 h6 12. Nge4 Be7 13. a4 Nxe4 14. Nxe4 Nf6 15.
Qf3 Bd7 16. Nxf6+ Bxf6 17. Qxb7 Qc8 18. Qb3 Ra7 19. Qa2 Bxb2 20. Rab1 Bf6 21.
Rfc1 Qa8 22. a5 Rc8 23. Bf1 Rxc1 24. Rxc1 Bb5 25. Rb1 Bd8 26. Bxb5 axb5 27. Rxb5
Rxa5 28. Qxa5 Qxa5 29. Rxa5 Bxa5 30. g4 Bd8 31. h3 1/2-1/2

[Event "FIDE Online Nations Cup - Europa-Stati Uniti"]
[Site "Internet"]
[Date "06.05.2020"]
[Round "4"]
[Board "2"]
[White "Dominguez Perez, Leinier"]
[Black "Aronian, Levon"]
[Result "0-1"]
[WhiteTitle "GM"]
[BlackTitle "GM"]
[WhiteElo "2758"]
[BlackElo "2773"]
[WhiteTeam "USA"]
[BlackTeam "Europe"]
[WhiteFideId "3503240"]
[BlackFideId "13300474"]
[EventDate "2020.05.05"]

1. e4 e5 2. Nf3 Nf6 3. Nxe5 d6 4. Nf3 Nxe4 5. d4 d5 6. Bd3 Bd6 7. O-O O-O 8. c4
c6 9. Qc2 h6 10. Re1 Be6 11. cxd5 cxd5 12. Bxe4 dxe4 13. Qxe4 Bd5 14. Qg4 Qd7
15. Qxd7 Nxd7 16. Nc3 Bxf3 17. gxf3 Bb4 18. Bd2 Rfd8 19. Ne4 Bxd2 20. Nxd2 Nf6
21. Nb3 b6 22. Rac1 Nd5 23. a3 Rd6 24. Re4 Rad8 25. Kf1 a5 26. a4 g5 27. Rc4 Kg7
28. Re1 Kg6 29. Nd2 Nb4 30. Nb3 Nd3 31. Re2 Nf4 32. Re1 Rf6 33. Nd2 Nd3 34. Rb1
Rf4 35. Rc6+ Kg7 36. Rxb6 Rdxd4 37. b3 Nxf2 38. Ke2 Rh4 39. Nf1 Nd3 40. Rb5 Nf4+
41. Kf2 Rd3 42. Re5 Rc3 43. Rxa5 Rh3 44. Rb5 Rhxf3+ 45. Kg1 Rc2 46. Rb6 Rff2 47.
a5 Rg2+ 48. Kh1 Nh3 0-1

[Event "FIDE Online Nations Cup - Europa-Stati Uniti"]
[Site "Internet"]
[Date "06.05.2020"]
[Round "4"]
[Board "3"]
[White "Giri, Anish"]
[Black "So, Wesley"]
[Result "1/2-1/2"]
[WhiteTitle "GM"]
[BlackTitle "GM"]
[WhiteElo "2764"]
[BlackElo "2770"]
[WhiteTeam "Europe"]
[BlackTeam "USA"]
[WhiteFideId "24116068"]
[BlackFideId "5202213"]
[EventDate "2020.05.05"]

1. d4 Nf6 2. c4 e6 3. Nf3 d5 4. g3 Be7 5. Bg2 O-O 6. O-O dxc4 7. Qc2 a6 8. a4
Bd7 9. Qxc4 Bc6 10. Bg5 Bd5 11. Qc2 Be4 12. Qc1 h6 13. Bxf6 Bxf6 14. Nbd2 Bxf3
15. Nxf3 a5 16. Qc3 Nc6 17. Rad1 Nb4 18. Ne5 c6 19. e4 Bxe5 20. dxe5 Qb6 21. Rd6
Na6 22. Rfd1 Qc5 23. Qxc5 Nxc5 24. R1d4 Rfc8 25. Bf1 b5 26. axb5 cxb5 27. Bxb5
Rab8 28. Ba6 Nxa6 29. Rxa6 Rxb2 30. Ra7 Rb5 31. Rdd7 Rf8 32. Rd4 Rxe5 33. Ra4
Rb8 34. R7xa5 Rxa5 35. Rxa5 Rb4 36. h4 Rxe4 37. Kg2 g6 38. Rb5 Kg7 39. Ra5 Rd4
40. Ra7 Kf6 41. Ra8 Kf5 42. Rh8 h5 43. Ra8 e5 44. Ra5 Rd2 45. Rb5 Ra2 46. Rc5 f6
47. Rb5 Ra4 48. Rc5 g5 49. hxg5 Kxg5 50. Rb5 Re4 51. Rb8 Rg4 52. Kf3 Ra4 53.
Rg8+ Kf5 54. Rh8 Ra3+ 55. Kg2 Kg6 56. Rg8+ Kh7 57. Rb8 Ra2 58. Re8 Kg6 59. Rg8+
Kf5 60. Rh8 Kg6 61. Rg8+ Kh7 62. Re8 Rb2 63. Rf8 Kg7 64. Re8 Rb4 65. Kf3 Ra4 66.
Rb8 Kg6 67. Rg8+ Kf5 68. Rh8 e4+ 69. Kg2 Kg6 70. Rg8+ Kf7 71. Rh8 Ra5 72. Kf1
Rf5 73. Ke2 Re5 74. Ke3 Kg7 75. Ra8 Kg6 76. Kf4 Rf5+ 77. Kxe4 Rxf2 78. Rg8+ Kh6
79. Rh8+ Kg6 80. Rg8+ Kh7 81. Ra8 Rf1 82. Rb8 f5+ 83. Ke3 Kg6 84. Rg8+ Kh7 85.
Ra8 Kg6 86. Rg8+ Kh7 87. Ra8 Kg6 88. Rg8+ 1/2-1/2

[Event "FIDE Online Nations Cup - Europa-Stati Uniti"]
[Site "Internet"]
[Date "06.05.2020"]
[Round "4"]
[Board "4"]
[White "Zatonskih, Anna"]
[Black "Dzagnidze, Nana"]
[Result "0-1"]
[WhiteTitle "IM"]
[BlackTitle "GM"]
[WhiteElo "2420"]
[BlackElo "2524"]
[WhiteTeam "USA"]
[BlackTeam "Europe"]
[WhiteFideId "14101572"]
[BlackFideId "13601903"]
[EventDate "2020.05.05"]

1. e4 c5 2. c3 Nf6 3. e5 Nd5 4. Nf3 Nc6 5. Bc4 Nb6 6. Bb3 d5 7. exd6 Qxd6 8. O-O
Be6 9. Na3 Bxb3 10. axb3 Qd3 11. Qc2 Rd8 12. Qxd3 Rxd3 13. Nc4 Nxc4 14. bxc4 e6
15. Rd1 Be7 16. Ne1 Rd7 17. Nf3 e5 18. d4 exd4 19. cxd4 cxd4 20. Bd2 O-O 21. b4
Bxb4 22. Bxb4 Nxb4 23. Rxa7 Nc6 24. Ra3 f6 25. Kf1 Rfd8 26. Ke2 g5 27. h3 Kf7
28. g4 Kg6 29. h4 gxh4 30. Rh1 Re7+ 31. Kd2 Ne5 32. Nxe5+ fxe5 33. Rxh4 Rf8 34.
Ke2 e4 35. Rah3 Ref7 36. Rh6+ Kg5 37. R6h5+ Kf4 38. g5 d3+ 39. Ke1 Ra8 40. R3h4+
Kf5 41. g6+ Kxg6 42. Rh6+ Kf5 43. R6h5+ Kf6 44. Rh6+ Ke5 45. R4h5+ Kd4 46. Rd6+
Kc3 47. Kf1 Rg7 0-1

[Event "FIDE Online Nations Cup - Stati Uniti-Cina"]
[Site "Internet"]
[Date "07.05.2020"]
[Round "5"]
[Board "1"]
[White "Nakamura, Hikaru"]
[Black "Ding, Liren"]
[Result "1/2-1/2"]
[WhiteTitle "GM"]
[BlackTitle "GM"]
[WhiteElo "2736"]
[BlackElo "2791"]
[WhiteTeam "USA"]
[BlackTeam "China"]
[WhiteFideId "2016192"]
[BlackFideId "8603677"]
[EventDate "2020.05.05"]

1. e4 c5 2. c3 Nf6 3. e5 Nd5 4. Nf3 Nc6 5. d4 cxd4 6. cxd4 d6 7. Bc4 Nb6 8. Bb5
dxe5 9. Nxe5 Bd7 10. Nxd7 Qxd7 11. Nc3 e6 12. O-O Be7 13. Qg4 O-O 14. Bh6 Qxd4
15. Qg3 Bd6 16. Bxg7 Bxg3 17. Bxd4 Bxh2+ 18. Kxh2 Nxd4 19. Bd3 f5 20. Rae1 Rf6
21. Re3 Rh6+ 22. Kg1 Kf7 23. Ne2 Rd8 24. Rc1 Nxe2+ 25. Bxe2 Rd2 26. Bf3 Rxb2 27.
Ra3 a6 28. Bxb7 Nc4 29. Ra4 Nd2 30. Ba8 Ne4 31. Bxe4 fxe4 32. Rxa6 Rf6 33. Rf1
h5 34. Ra3 Rf5 35. Re3 Rxa2 36. Rxe4 1/2-1/2

[Event "FIDE Online Nations Cup - Stati Uniti-Cina"]
[Site "Internet"]
[Date "07.05.2020"]
[Round "5"]
[Board "2"]
[White "Wang, Hao"]
[Black "Caruana, Fabiano"]
[Result "0-1"]
[WhiteTitle "GM"]
[BlackTitle "GM"]
[WhiteElo "2763"]
[BlackElo "2835"]
[WhiteTeam "China"]
[BlackTeam "USA"]
[WhiteFideId "8602883"]
[BlackFideId "2020009"]
[EventDate "2020.05.05"]

1. Nf3 d5 2. g3 Bg4 3. Bg2 Nd7 4. O-O e6 5. d3 Bd6 6. Nbd2 Ne7 7. h3 Bh5 8. b3
O-O 9. Bb2 a5 10. a4 c5 11. g4 Bg6 12. Nh4 Nc6 13. Nxg6 hxg6 14. e4 d4 15. f4 g5
16. f5 Bf4 17. Nc4 e5 18. Bc1 Ra6 19. Qe2 Qe7 20. Qf2 Nb4 21. Bxf4 gxf4 22. h4
g5 23. fxg6 fxg6 24. g5 Nb6 25. Bf3 Nxc4 26. bxc4 Rb6 27. Rfb1 Kg7 28. Kg2 Rh8
29. Bg4 Kf8 30. Rb3 Ke8 31. Kf3 Kd8 32. Rh1 Qe8 33. Ra1 Kc7 34. Kg2 Kb8 35. Kf3
Rc6 36. Rbb1 Rc7 37. Rh1 Rch7 38. Rh2 Qc6 39. h5 gxh5 40. Bf5 Rg7 41. g6 Rf8 42.
Rxh5 Rxf5 43. Rxf5 Qxg6 44. Qh2 Nxc2 45. Rh1 Qg4+ 46. Kf2 Nb4 0-1